[Event "AUTO-ELITE-361"]
[Site "http://www.queenalice.com/game.php?id=610909"]
[Date "2009.6.29"]
[Round "1"]
[White "CarlosOlivas"]
[Black "Netferatu"]
[Result "0-1"]
[WhiteElo "2420"]
[BlackElo "2348"]

1. d4 Nf6 2. c4 e6 3. Nc3 Bb4 4. Nf3 O-O 5. Qc2 c5 6. dxc5 Na6 7. g3 Nxc5 8. Bg2
Nce4 9. Bd2 Nxd2 10. Nxd2 a6 11. Rd1 Qc7 12. Qd3 Be7 13. Nde4 Ne8 14. Nd2 d6 15.
Qf3 Rb8 16. Rc1 b5 17. cxb5 Bb7 18. e4 axb5 19. b4 Nf6 20. Qe2 Ba6 21. Nf3 Rfc8
22. O-O Qb6 23. e5 dxe5 24. Nxe5 Bb7 25. Bxb7 Qxb7 26. a3 h6 27. Qf3 Bd6 28.
Qxb7 Rxb7 29. Nxb5 Rxc1 30. Nxd6 Rbc7 31. Rxc1 Rxc1+ 32. Kg2 Ra1 33. Nec4 Nd5
34. b5 Rb1 0-1

[Event "AUTO-ELITE-361"]
[Site "http://www.queenalice.com/game.php?id=610910"]
[Date "2009.6.29"]
[Round "1"]
[White "Netferatu"]
[Black "SJRioPreto"]
[Result "1/2-1/2"]
[WhiteElo "2320"]
[BlackElo "2389"]

1. e4 e5 2. Nf3 Nc6 3. Bb5 a6 4. Ba4 Nf6 5. O-O b5 6. Bb3 Bb7 7. c3 Bd6 8. d3
O-O 9. Nbd2 h6 10. d4 Re8 11. Re1 Bf8 12. a3 d6 13. h3 Nb8 14. a4 exd4 15. cxd4
Nxe4 16. Nxe4 Rxe4 17. Rxe4 Bxe4 18. Qe2 Bc6 19. Bd2 Qe8 20. Qd3 Qe4 21. Qc3
bxa4 22. Re1 Qf5 23. d5 Bb5 24. Bc2 Qf6 25. Nd4 Nd7 26. Nxb5 axb5 27. Qd3 g6 28.
Bc3 Qg5 29. Qd4 Ne5 30. Kf1 Qf6 31. f4 a3 32. Qe4 Bg7 33. Ra1 Rb8 34. Rxa3 b4
35. Rb3 Qd8 36. Rxb4 Rxb4 37. Qxb4 Nd7 38. Bxg7 Kxg7 39. Qc3+ Kg8 40. f5 gxf5
41. Bxf5 Qf6 42. g4 Qxc3 43. bxc3 Nb6 44. Be4 Kg7 45. Kf2 Kf6 46. h4 Ke5 47. g5
hxg5 48. h5 Na4 49. h6 Kf6 50. c4 Nb6 51. Bd3 Nd7 52. Kg3 Ne5 53. Be4 Nxc4 54.
Kf2 g4 55. Kg3 Ne3 56. Kf4 Nd1 57. Bc2 Nc3 58. Bb3 Kg6 59. Kxg4 Kxh6 60. Kf5 Kg7
61. Bc4 Na4 62. Be2 Nb6 63. Bf3 Nc8 64. Bh1 Ne7+ 65. Kg5 f6+ 66. Kh5 Kf7 67. Bf3
Ng6 68. Bh1 Ne5 69. Bg2 Ke7 70. Bh1 Kd7 71. Kh6 Ke8 72. Kh5 Ke7 1/2-1/2

[Event "AUTO-ELITE-361"]
[Site "http://www.queenalice.com/game.php?id=610911"]
[Date "2009.6.29"]
[Round "1"]
[White "SJRioPreto"]
[Black "Netferatu"]
[Result "1-0"]
[WhiteElo "2350"]
[BlackElo "2331"]

1. d4 Nf6 2. c4 e6 3. Nf3 c5 4. d5 d6 5. Nc3 exd5 6. cxd5 g6 7. e4 Bg7 8. h3 O-O
9. Bd3 Nbd7 10. O-O Nh5 11. Bg5 Bf6 12. Bh6 Re8 13. a4 Bg7 14. Bxg7 Kxg7 15. Nb5
Ne5 16. Nxe5 dxe5 17. d6 Rf8 18. Bc4 Nf4 19. Ra3 h5 20. Nc7 Rb8 21. Re1 Bd7 22.
Nd5 Ne6 23. Ne7 Nd4 24. Rg3 h4 25. Rg5 Be8 26. Qg4 Qxd6 27. Nf5+ Nxf5 28. exf5
Rh8 29. Kh1 Rd8 30. f4 exf4 31. fxg6 f6 32. Re6 Qd1+ 33. Kh2 Qxg4 34. Rxg4 Bxg6
35. Re7+ Kh6 36. Rxh4+ Kg5 37. Rg4+ Kh6 38. Rxf4 Rd4 39. Rxd4 cxd4 40. Rd7 d3
41. Bxd3 Bxd3 42. Rxd3 Re8 43. Rd7 Re4 44. b3 Rb4 45. Rd3 Kg6 46. Rg3+ Kh5 47.
Rf3 Kg6 48. g4 a5 49. Kg2 b5 50. axb5 Rxb5 51. h4 1-0

[Event "1° Match Colombia vs Argentina"]
[Site "http://www.queenalice.com/game.php?id=612683"]
[Date "2009.7.3"]
[Round "-"]
[White "Undertaker"]
[Black "Netferatu"]
[Result "0-1"]
[WhiteElo "1996"]
[BlackElo "2279"]

1. e4 c6 2. d4 d5 3. e5 Bf5 4. Nf3 e6 5. Bg5 Be7 6. Bxe7 Nxe7 7. Bd3 Qb6 8. b3
c5 9. dxc5 Qxc5 10. O-O O-O 11. Ng5 Nbc6 12. Re1 a5 13. a3 Qd4 14. Ra2 Bxd3 15.
Qxd3 Qxd3 16. cxd3 Nd4 17. Rb2 Rfc8 18. a4 Ng6 19. Nd2 Nf4 20. Rd1 Nxd3 21. Ra2
Ne2+ 22. Kf1 Nc3 23. Raa1 Nxd1 24. Rxd1 Nxe5 25. f4 Nd3 26. g3 Rc2 27. Ngf3 Rac8
28. Ke2 Nc1+ 29. Kf2 Nxb3 30. g4 Ra2 31. Kg3 Rc3 32. Kh4 Nxd2 33. Nxd2 Rcc2 34.
Nf3 Rxa4 35. Kg3 Rcc4 36. Rb1 Rxf4 37. Rxb7 Rxg4+ 38. Kh3 g5 39. Rb5 Rgf4 40.
Rb3 g4+ 41. Kg3 Rxf3+ 42. Rxf3 gxf3 43. Kxf3 Re4 44. h3 a4 0-1

[Event "1° Match Colombia vs Argentina"]
[Site "http://www.queenalice.com/game.php?id=612684"]
[Date "2009.7.3"]
[Round "-"]
[White "Netferatu"]
[Black "Undertaker"]
[Result "1-0"]
[WhiteElo "2273"]
[BlackElo "2056"]

1. e4 e5 2. Nf3 Nc6 3. Bb5 Bc5 4. c3 d6 5. d4 exd4 6. cxd4 Bb4+ 7. Kf1 Bd7 8.
Qa4 Qe7 9. d5 Qxe4 10. Nc3 Qg4 11. h3 Qf5 12. Nh4 Qh5 13. dxc6 bxc6 14. Bxc6 Rd8
15. Bxd7+ Rxd7 16. Qxb4 Ne7 17. g3 c5 18. Qa4 Nf5 19. Bf4 Nxh4 20. Qe4+ Re7 21.
Qa8+ Kd7 22. Qb7+ Kd8 23. Qb8+ Kd7 24. Qxd6+ Ke8 25. Qb8+ Kd7 26. Qd6+ Ke8 27.
Qc6+ Kd8 28. Rd1+ 1-0

[Event "2do TORNEO"]
[Site "http://www.queenalice.com/game.php?id=625971"]
[Date "2009.7.28"]
[Round "1"]
[White "Netferatu"]
[Black "elrey"]
[Result "1-0"]
[WhiteElo "2317"]
[BlackElo "2340"]

1. e4 d5 2. exd5 Nf6 3. d4 Bg4 4. Bb5+ c6 5. dxc6 Nxc6 6. Ne2 e6 7. O-O Bd6 8.
h3 Bh5 9. c4 O-O 10. Nbc3 a6 11. Ba4 Qe7 12. Bg5 h6 13. Bxf6 Qxf6 14. Ne4 Qe7
15. Bxc6 bxc6 16. Nxd6 Qxd6 17. f3 Bg6 18. Qd2 c5 19. Rfd1 cxd4 20. Qxd4 Qc7 21.
Qc3 a5 22. c5 Rfd8 23. Rac1 Rxd1+ 24. Rxd1 Rc8 25. Rc1 Bf5 26. Nd4 Bxh3 27. gxh3
Qg3+ 28. Kf1 Qxh3+ 29. Kf2 Qh2+ 30. Ke3 Qe5+ 31. Kd3 Qg5 32. c6 e5 33. Nb3 Rd8+
34. Kc4 Qh4+ 35. Kb5 Rb8+ 36. Kxa5 Ra8+ 37. Kb6 Qf6 38. Rd1 Qf5 39. Nc5 Rb8+ 40.
Ka7 Rc8 41. Kb7 Re8 42. c7 Qc8+ 43. Kb6 Kh7 44. Rd7 e4 45. fxe4 Qa8 46. Rxf7
Rb8+ 47. cxb8=Q Qxb8+ 48. Nb7 Qg8 49. Qf6 h5 50. Nd6 1-0

[Event "helianthus"]
[Site "http://www.queenalice.com/game.php?id=648845"]
[Date "2009.9.7"]
[Round "1"]
[White "Netferatu"]
[Black "fosdunc"]
[Result "1-0"]
[WhiteElo "2288"]
[BlackElo "2340"]

1. e4 e6 2. d4 b6 3. c4 Bb7 4. Nc3 g6 5. Qc2 Bg7 6. Nf3 h6 7. Be3 Ne7 8. Be2 d6
9. h4 Nd7 10. h5 g5 11. O-O-O Nf6 12. d5 e5 13. Kb1 Ng4 14. Nh2 Nxe3 15. fxe3 a5
16. Rhf1 O-O 17. Rf2 Bc8 18. Rdf1 Bd7 19. Bg4 a4 20. Bxd7 Qxd7 21. a3 Nc8 22.
Qe2 b5 23. Nxb5 c5 24. Ng4 Kh8 25. Rf6 Qe7 26. Rxh6+ Bxh6 27. Nxh6 Ra6 28. Nf5
Qd7 29. h6 f6 30. Ng7 Nb6 31. Ne6 Rf7 32. Rf3 g4 33. Rg3 Ra8 34. Rxg4 Rg8 35.
Rxg8+ Kxg8 36. Qg4+ Kh8 37. Qg6 Nxc4 38. h7 Qe8 39. Kc2 1-0

[Event "AUTO-MASTER-780"]
[Site "http://www.queenalice.com/game.php?id=654273"]
[Date "2009.9.18"]
[Round "2"]
[White "cesargarcia"]
[Black "Netferatu"]
[Result "1/2-1/2"]
[WhiteElo "2354"]
[BlackElo "2364"]

1. d4 Nf6 2. Nf3 d5 3. c4 e6 4. Nc3 c6 5. e3 Nbd7 6. Bd3 Bd6 7. O-O O-O 8. Bd2
Qe7 9. Qc2 dxc4 10. Bxc4 a6 11. h3 e5 12. Bb3 a5 13. a3 b6 14. Rfd1 e4 15. Ng5
a4 16. Ba2 Bb7 17. Ncxe4 Nxe4 18. Nxe4 Bc7 19. f3 Nf6 20. Bc4 Nd5 21. Rac1 Rfd8
22. Re1 h6 23. Bd3 Qe6 24. f4 c5 25. dxc5 Ne7 26. c6 Bxc6 27. Ng3 g6 28. Bc4 Bd5
29. Bxd5 Nxd5 30. e4 Nxf4 31. Qxc7 Nxh3+ 32. gxh3 Rxd2 33. Rf1 Rf8 34. Rf2 Rxf2
35. Kxf2 Qf6+ 36. Kg1 Qd4+ 37. Kh1 Qxb2 38. Qc3 Qxc3 39. Rxc3 Rb8 40. e5 Kg7 41.
Ne4 Re8 42. Rc4 Rxe5 43. Rxa4 g5 44. Kg2 Kg6 45. Rb4 Re6 46. a4 f5 47. Nc3 Kh5
48. Nd5 Re2+ 49. Kf3 Rh2 50. Kg3 Ra2 1/2-1/2

[Event "AUTO-MASTER-780"]
[Site "http://www.queenalice.com/game.php?id=654274"]
[Date "2009.9.18"]
[Round "2"]
[White "Netferatu"]
[Black "cesargarcia"]
[Result "1/2-1/2"]
[WhiteElo "2364"]
[BlackElo "2354"]

1. e4 c5 2. Nf3 d6 3. d4 cxd4 4. Nxd4 g6 5. Nc3 Bg7 6. Be3 Nc6 7. Bc4 Nf6 8. f3
O-O 9. Qd2 Nxd4 10. Bxd4 Be6 11. Bb3 Qa5 12. O-O Rac8 13. Qf2 Nd7 14. f4 Bc4 15.
Rfd1 e5 16. fxe5 Nxe5 17. h3 f5 18. exf5 Rxf5 19. Qe3 Bf7 20. Ne4 Re8 21. Bc3
Qc7 22. Rxd6 Nc4 23. Bxc4 Qxc4 24. Bxg7 Rxe4 25. Qc3 Rd5 26. Qxc4 Rxc4 27. Rxd5
Bxd5 28. Bc3 Rc7 29. a3 Be4 30. Rc1 g5 31. Kf2 h6 32. g3 h5 33. Ke3 Bf5 34. Bf6
Rxc2 35. Rxc2 Bxc2 36. Bxg5 Kf7 37. g4 Bd1 38. gxh5 Bxh5 39. Kd4 Ke6 40. Ke4 a6
41. h4 a5 42. Bd2 a4 43. Bc3 Bg6+ 44. Kf4 Kf7 45. Kg5 Bd3 46. h5 Ke6 47. Bf6 Bc2
48. Bd4 1/2-1/2

[Event "AUTO-MASTER-780"]
[Site "http://www.queenalice.com/game.php?id=654277"]
[Date "2009.9.18"]
[Round "2"]
[White "Netferatu"]
[Black "fabke007"]
[Result "1-0"]
[WhiteElo "2362"]
[BlackElo "2071"]

1. e4 c5 2. Nf3 d6 3. d4 cxd4 4. Nxd4 Nf6 5. Nc3 g6 6. Be3 Bg7 7. f3 O-O 8. Qd2
Nc6 9. O-O-O Bd7 10. Bc4 Qa5 11. Bb3 Rfc8 12. h4 Ne5 13. g4 Rc4 14. g5 Rxd4 15.
Bxd4 Nh5 16. Rhf1 Rc8 17. f4 Ng4 18. Nd5 Qxd2+ 19. Rxd2 Kf8 20. Bxa7 Be6 21. Rg2
f5 22. gxf6 Ngxf6 23. Nxf6 Bxb3 24. Nxh5 gxh5 25. axb3 Ra8 26. Rfg1 1-0

[Event "AUTO-MASTER-780"]
[Site "http://www.queenalice.com/game.php?id=654278"]
[Date "2009.9.18"]
[Round "2"]
[White "fabke007"]
[Black "Netferatu"]
[Result "0-1"]
[WhiteElo "2042"]
[BlackElo "2365"]

1. e4 c5 2. Nf3 d6 3. d4 cxd4 4. Nxd4 Nf6 5. Nc3 a6 6. Be2 e5 7. Nf3 Be7 8. Be3
b5 9. a3 O-O 10. O-O Bb7 11. Bd3 Nbd7 12. Qd2 Nc5 13. Rac1 Nfxe4 14. Nxe4 Nxe4
15. Bxe4 Bxe4 16. Ne1 Qc7 17. f3 Bb7 18. Nd3 a5 19. b4 Rfc8 20. c3 Qc4 21. Nf2
axb4 22. cxb4 Qb3 23. Rxc8+ Rxc8 24. Rc1 Qxa3 25. Rxc8+ Bxc8 26. Ne4 Be6 27.
Nxd6 Bxd6 28. Qxd6 Qxe3+ 0-1

[Event "Challenge"]
[Site "http://www.queenalice.com/game.php?id=655589"]
[Date "2009.9.20"]
[Round "-"]
[White "Conde7"]
[Black "Netferatu"]
[Result "1/2-1/2"]
[WhiteElo "2729"]
[BlackElo "2322"]

1. e4 c5 2. Nf3 Nc6 3. d4 cxd4 4. Nxd4 Nf6 5. Nc3 e5 6. Ndb5 d6 7. Bg5 a6 8. Na3
b5 9. Bxf6 gxf6 10. Nd5 f5 11. Bd3 Be6 12. O-O Bxd5 13. exd5 Ne7 14. c3 Bg7 15.
Qh5 e4 16. Bc2 O-O 17. Rae1 Re8 18. f3 Qb6+ 19. Kh1 e3 20. Bd3 Qc5 21. f4 Qxd5
22. Rxe3 Qxa2 23. Qe2 Kf8 24. Bb1 Qd5 25. Re1 Bf6 26. Bd3 Qc6 27. Nc2 Nd5 28.
Qf3 Rxe3 29. Nxe3 Re8 30. Re2 Ne7 31. Qxc6 Nxc6 32. Nd5 Rxe2 33. Bxe2 Bd8 34. g3
Kg7 35. Kg2 Kg6 36. Kf3 h5 37. Bd3 Ba5 38. h3 Bd8 39. g4 hxg4+ 40. hxg4 Ne7 41.
Ne3 Kf6 42. Bxf5 Nxf5 43. Nxf5 Ke6 44. Ne3 d5 45. Nc2 Bb6 46. b4 f6 47. Nd4+ Kf7
48. Ke3 Bc7 49. Ne2 Ke6 50. Kd4 Bb6+ 51. Kd3 Bc7 52. Ke3 Bb6+ 53. Nd4+ Kd6 54.
Kf3 Bd8 55. Ke2 Kd7 56. Ke3 Kd6 57. Kd2 Bb6 58. Ke2 Ke7 59. Kf2 Kf7 60. Kf3 Bc7
61. Ke3 Bb6 62. Kf2 Bd8 63. Nf5 Bc7 64. Ke3 Bb8 65. Kf3 Bc7 66. Kg3 Ke6 67. Nd4+
Kf7 68. Nb3 Bb6 69. Kf3 Kg7 70. Ke2 Kf7 71. Kd3 Ke7 72. Kd2 Kf7 73. Ke2 Ke7 74.
Kd3 Kd6 75. Kd2 Ke7 76. Na5 Kd6 77. Nb7+ Kc6 78. g5 Bc7 79. g6 Bxf4+ 80. Ke2
1/2-1/2

[Event "Challenge"]
[Site "http://www.queenalice.com/game.php?id=655590"]
[Date "2009.9.20"]
[Round "-"]
[White "Netferatu"]
[Black "Conde7"]
[Result "0-1"]
[WhiteElo "2333"]
[BlackElo "2663"]

1. e4 c5 2. Nf3 d6 3. d4 cxd4 4. Nxd4 Nf6 5. Nc3 a6 6. Be3 e5 7. Nb3 Be6 8. f3
Nbd7 9. Qd2 b5 10. O-O-O Nb6 11. Qf2 Nc4 12. Bxc4 bxc4 13. Na5 Qd7 14. Rd2 Be7
15. Rhd1 O-O 16. Bc5 Qc7 17. Bb6 Qc8 18. h4 Nd7 19. Rxd6 Bxd6 20. Rxd6 Nxb6 21.
Rxb6 Re8 22. Nc6 Bd7 23. Na5 Re6 24. Nd5 Bb5 25. Kb1 Qf8 26. Rb7 Rb8 27. Rc7 Rc8
28. Ra7 c3 29. Nxc3 Qd8 30. Nb3 Bc4 31. Rb7 Rd6 32. Kc1 Rcc6 33. Nc5 Rc7 34. b3
Rxb7 35. Nxb7 Qb6 36. Qxb6 Rxb6 37. bxc4 Rxb7 38. Nd5 Kf8 39. c5 Rb5 40. c6 Rc5
41. c7 Ke8 42. Kd2 f5 43. g4 fxe4 44. fxe4 Kd7 45. c4 Kc8 46. Kc3 a5 47. a4 Kb7
48. g5 Rc6 49. h5 Rc5 0-1

[Event "AUTO-OPEN-1388"]
[Site "http://www.queenalice.com/game.php?id=656990"]
[Date "2009.9.23"]
[Round "3"]
[White "arauca"]
[Black "Netferatu"]
[Result "0-1"]
[WhiteElo "2155"]
[BlackElo "2310"]

1. e4 c5 2. d4 cxd4 3. c3 dxc3 4. Nxc3 Nc6 5. Bc4 d6 6. Nf3 e6 7. O-O Be7 8. Qe2
a6 9. a4 Nf6 10. Rd1 Qc7 11. Bf4 O-O 12. Rac1 Ne5 13. Ba2 Qb8 14. Nxe5 dxe5 15.
Bg5 h6 16. Bxf6 Bxf6 17. Rd3 b5 18. Rcd1 b4 19. Nb1 Bb7 20. Nd2 Qc7 21. Nc4 Bc6
22. Bb3 Rfd8 23. f3 Rxd3 24. Rxd3 Be7 25. h3 Rd8 26. Qd1 Rd4 27. Ne3 Qd7 0-1

[Event "AUTO-OPEN-1388"]
[Site "http://www.queenalice.com/game.php?id=656991"]
[Date "2009.9.23"]
[Round "3"]
[White "Netferatu"]
[Black "arauca"]
[Result "1-0"]
[WhiteElo "2302"]
[BlackElo "2171"]

1. e4 e5 2. Nf3 Nc6 3. Bc4 Bc5 4. c3 Nf6 5. d3 h6 6. O-O O-O 7. d4 Bb6 8. dxe5
Ng4 9. Bf4 Qe7 10. Qd5 Re8 11. Nbd2 Ngxe5 12. Bxe5 d6 13. Bg3 Be6 14. Qd3 Bxc4
15. Qxc4 Ne5 16. Nxe5 dxe5 17. Rfd1 c6 18. Nf3 Kh7 19. Nxe5 1-0

[Event "2do TORNEO"]
[Site "http://www.queenalice.com/game.php?id=725552"]
[Date "2010.2.4"]
[Round "2"]
[White "SJRioPreto"]
[Black "Netferatu"]
[Result "0-1"]
[WhiteElo "2346"]
[BlackElo "2364"]

1. d4 Nf6 2. c4 e6 3. Nf3 b6 4. g3 Ba6 5. b3 Bb4+ 6. Bd2 Be7 7. Bg2 c6 8. O-O d5
9. Ne5 Nfd7 10. Nxd7 Nxd7 11. Bc3 O-O 12. Nd2 Rc8 13. e4 c5 14. exd5 exd5 0-1

[Event "Challenge"]
[Site "http://www.queenalice.com/game.php?id=726143"]
[Date "2010.2.5"]
[Round "-"]
[White "PhilBFrance"]
[Black "Netferatu"]
[Result "1/2-1/2"]
[WhiteElo "2282"]
[BlackElo "2367"]

1. e4 c5 2. Nf3 d6 3. Nc3 Nc6 4. Bc4 e5 5. d3 Be7 6. O-O Nf6 7. Bd2 O-O 8. a3
Bg4 9. h3 Bd7 10. a4 a6 11. Ng5 Nd4 12. Ne2 b5 13. axb5 axb5 14. Ba2 Nxe2+ 15.
Qxe2 h6 16. Nf3 Qc7 17. Be3 Qb7 18. Rfd1 c4 19. dxc4 bxc4 20. Bxc4 Qxe4 21. Bb3
Rfc8 22. Rxa8 Rxa8 23. Qc4 Qxc4 24. Bxc4 Bc6 25. Bb3 g5 26. Bd2 Kg7 27. Bb4 Ra7
28. Ne1 d5 29. Nd3 Bb5 30. Bxe7 Rxe7 31. Nb4 d4 32. c3 Rb7 33. Bc2 Bc4 34. Re1
Nd7 35. Be4 Rb6 36. Bc6 Nc5 37. Rxe5 Rxc6 38. Nxc6 d3 39. Re1 Bb3 40. Ra1 d2 41.
Nd4 d1=Q+ 42. Rxd1 Bxd1 43. b4 Na4 44. b5 Bh5 45. Nf5+ Kf6 46. Ne3 Ke5 47. c4
Be2 48. c5 Bxb5 49. Ng4+ Ke6 50. Nxh6 Nxc5 51. Ng4 f5 52. Ne3 f4 53. Nd1 Ne4 54.
f3 Be2 55. fxe4 Bxd1 56. Kf2 Ke5 57. g3 1/2-1/2

[Event "helianthus"]
[Site "http://www.queenalice.com/game.php?id=737430"]
[Date "2010.2.25"]
[Round "2"]
[White "wyvern"]
[Black "Netferatu"]
[Result "1/2-1/2"]
[WhiteElo "2406"]
[BlackElo "2375"]

1. e4 c5 2. Nf3 d6 3. d4 cxd4 4. Nxd4 Nf6 5. Nc3 a6 6. Bg5 e6 7. f4 Qb6 8. Nb3
Be7 9. Qf3 Nbd7 10. Be2 Qc7 11. a4 h6 12. Bh4 b6 13. O-O O-O 14. Bd3 Bb7 15. Qe2
Rfe8 16. Bg3 e5 17. Kh1 exf4 18. Bxf4 h5 19. Rae1 Ne5 20. Nd4 g6 21. Nf3 Nxd3
22. cxd3 Rac8 23. Nd2 b5 24. axb5 axb5 25. Nxb5 Qb6 26. Nc3 d5 27. e5 Nd7 28.
Qf3 d4 29. Nd5 Bxd5 30. Qxd5 Nc5 31. Qf3 Qa6 32. b4 Nxd3 33. Ra1 Qb5 34. Ne4 Qc4
35. Rad1 Nxf4 36. Qxf4 d3 37. b5 Red8 38. b6 Qe6 39. Rb1 Rb8 40. h3 Rb7 41. Rb5
Qf5 42. Qf3 Qxf3 43. gxf3 Rd4 44. Nd2 Ra4 45. Rfb1 Ra2 46. Rd1 Rc2 47. Ne4 Rc6
48. Rxd3 Rcxb6 49. Rxb6 Rxb6 50. f4 Rb4 51. Re3 1/2-1/2

[Event "2do TORNEO"]
[Site "http://www.queenalice.com/game.php?id=790021"]
[Date "2010.6.14"]
[Round "3"]
[White "Netferatu"]
[Black "Pentotal"]
[Result "1/2-1/2"]
[WhiteElo "2376"]
[BlackElo "2414"]

1. e4 e5 2. Nf3 Nc6 3. Bb5 a6 4. Bxc6 dxc6 5. O-O Be6 6. Nxe5 Qd4 7. Nf3 Qxe4 8.
Ng5 Qf5 9. Nxe6 fxe6 10. d3 Nf6 11. Qe2 O-O-O 12. Nd2 Bc5 13. Nc4 e5 14. Qxe5
Qxe5 15. Nxe5 Rhe8 16. Nc4 Ng4 17. Ne3 Nxe3 18. fxe3 Bxe3+ 19. Bxe3 Rxe3 20.
Rae1 Rxe1 21. Rxe1 Kd7 22. Kf2 Rf8+ 23. Kg3 c5 24. Re4 Rf1 25. a4 b6 26. Rf4 Rb1
27. b3 Rc1 28. Rf2 Ke6 29. Kf4 h6 30. Re2+ Kf6 1/2-1/2

[Event "helianthus"]
[Site "http://www.queenalice.com/game.php?id=882303"]
[Date "2011.1.6"]
[Round "4"]
[White "kasker"]
[Black "Netferatu"]
[Result "1/2-1/2"]
[WhiteElo "2492"]
[BlackElo "2405"]

1. e4 e5 2. Nf3 Nc6 3. Bb5 a6 4. Ba4 Nf6 5. O-O Be7 6. Re1 b5 7. Bb3 d6 8. c3
O-O 9. h3 Na5 10. Bc2 c5 11. d4 Qc7 12. Nbd2 cxd4 13. cxd4 Nc6 14. Nb3 a5 15.
Be3 a4 16. Nbd2 Bd7 17. Rc1 Qb7 18. Bb1 Rfe8 19. d5 Na5 20. b4 axb3 21. axb3
Rec8 22. Nf1 b4 23. Rxc8+ Rxc8 24. Ng3 Rc3 25. Ba2 Bd8 26. Bd2 Rc8 27. Bb1 g6
28. Bc2 Kg7 29. Qb1 Bb6 30. Bd3 Bc5 31. Qd1 Qb6 32. Re2 Ra8 33. Bc1 Bb5 34. Bxb5
Qxb5 35. Ra2 Ng8 36. Ne1 Rc8 37. Bd2 h5 38. Qf3 h4 39. Nf1 Bd4 40. Nc2 Bc3 41.
Qg4 Rb8 42. Nce3 Kf8 43. Rc2 Qc5 44. Nd1 Nxb3 45. Bxc3 bxc3 46. Rxc3 Qb4 47. Rc7
Nf6 48. Qxh4 Kg7 49. Ng3 Qa5 50. Nf5+ gxf5 51. Qg5+ Kf8 52. Qh6+ Kg8 53. Qg5+
Kf8 54. Qh6+ Kg8 55. Qg5+ Kf8 1/2-1/2

[Event "QA-ANNIV-07"]
[Site "http://www.queenalice.com/game.php?id=950769"]
[Date "2011.6.16"]
[Round "1"]
[White "aleove"]
[Black "Netferatu"]
[Result "0-1"]
[WhiteElo "1802"]
[BlackElo "2407"]

1. d4 Nf6 2. c4 e6 3. Nc3 Bb4 4. Qc2 O-O 5. Nf3 c5 6. a3 Bxc3+ 7. Qxc3 cxd4 8.
Nxd4 d5 9. Bg5 e5 10. Nf3 d4 11. Qb3 h6 12. Bxf6 Qxf6 13. e3 Nd7 14. exd4 exd4
15. Be2 Nc5 16. Qb4 b6 17. O-O a5 18. Qe1 Re8 19. Qd1 d3 20. Bxd3 Rd8 21. Ne1
Bf5 0-1

[Event "QA-ANNIV-07"]
[Site "http://www.queenalice.com/game.php?id=992220"]
[Date "2011.10.1"]
[Round "2"]
[White "Netferatu"]
[Black "sphagnis"]
[Result "1-0"]
[WhiteElo "2408"]
[BlackElo "1722"]

1. c4 e5 2. Nc3 Nf6 3. Nf3 e4 4. Ng5 Qe7 5. Qc2 h6 6. Ngxe4 Ng4 7. Nd5 Qd8 8. h3
Ne5 9. d4 c6 10. dxe5 cxd5 11. cxd5 d6 12. Qc3 Na6 13. Bf4 Bf5 14. e3 Rc8 15.
Bb5+ Bd7 16. Bc4 Bb5 17. Bxb5+ Ke7 18. exd6+ Qxd6 19. Bxd6+ Kd8 20. Qe5 Nc7 21.
Bxc7+ Rxc7 22. Qe8# 1-0